[Event "FICGS class C 000240 email"]
[Site "FICGS email"]
[Date "2017.02.20"]
[Round "1"]
[White "Ghisi, Stefano"]
[Black "Vasquez, Fernando Jose Pinto"]
[Result "0-1"]
[WhiteElo "1771"]
[BlackElo "1906"]
[PlyCount "22"]
[EventDate "2017.??.??"]
[EventType "tourn (corr)"]
[EventRounds "4"]
[SourceTitle "Corr 2022"]
[Source "ChessBase"]
[SourceDate "2021.10.24"]
[SourceVersion "1"]
[SourceVersionDate "2021.10.24"]
[SourceQuality "1"]

1. e4 e5 2. Nf3 Nf6 3. Bc4 Nc6 4. d3 Bc5 5. 0-0 0-0 6. c3 d6 7. a4 a6 8. Re1 h6 9. Nbd2 Ba7 10. Nf1 Be6 11. Bxe6 fxe6 0-1